Hóa học nâng cao 12

Gespeichert in:
Bibliographische Detailangaben
1. Verfasser: Lê, Xuân Trọng
Weitere Verfasser: Nguyễn, Hữu Đĩnh
Format: Buch
Sprache:Undetermined
Veröffentlicht: H. Giáo dục Việt Nam 2010
Schlagworte:
Online Zugang:http://lrc.tdmu.edu.vn/opac/search/detail.asp?aID=2&ID=6580
Tags: Tag hinzufügen
Keine Tags, Fügen Sie den ersten Tag hinzu!
Thư viện lưu trữ: Trung tâm Học liệu Trường Đại học Thủ Dầu Một
LEADER 00623nam a2200205Ia 4500
001 TDMU_6580
008 210410s9999 xx 000 0 und d
082 |a 540.71 
090 |b L250 
100 |a Lê, Xuân Trọng 
245 0 |a Hóa học nâng cao 12 
245 0 |c Lê Xuân Trọng 
260 |a H. 
260 |b Giáo dục Việt Nam 
260 |c 2010 
300 |a 280tr. 
650 |a Hóa học; Sách lớp 12 
700 |a Nguyễn, Hữu Đĩnh 
856 |u http://lrc.tdmu.edu.vn/opac/search/detail.asp?aID=2&ID=6580 
980 |a Trung tâm Học liệu Trường Đại học Thủ Dầu Một